Confront and conceal , obama's secret wars and surprising use of american power (Record no. 576493)
[ view plain ]
| 000 -LEADER | |
|---|---|
| fixed length control field | 00615nam a22001817a 4500 |
| 003 - CONTROL NUMBER IDENTIFIER | |
| control field | CEME |
| 005 - DATE AND TIME OF LATEST TRANSACTION | |
| control field | 20210628204153.0 |
| 008 - FIXED-LENGTH DATA ELEMENTS--GENERAL INFORMATION | |
| fixed length control field | 210113b xxu||||| |||| 00| 0 eng d |
| 020 ## - INTERNATIONAL STANDARD BOOK NUMBER | |
| International Standard Book Number | 9780307718020 |
| 040 ## - CATALOGING SOURCE | |
| Transcribing agency | ceme |
| 082 ## - DEWEY DECIMAL CLASSIFICATION NUMBER | |
| Classification number | 973.932092 SAN |
| 100 ## - MAIN ENTRY--PERSONAL NAME | |
| Personal name | Sanger, David.E |
| 9 (RLIN) | 9844 |
| 245 ## - TITLE STATEMENT | |
| Title | Confront and conceal , obama's secret wars and surprising use of american power |
| 260 ## - PUBLICATION, DISTRIBUTION, ETC. | |
| Place of publication, distribution, etc. | NEW YORK |
| Name of publisher, distributor, etc. | CROWN PUBLISHERS |
| Date of publication, distribution, etc. | 2012 |
| 300 ## - PHYSICAL DESCRIPTION | |
| Extent | XX, 476P |
| 650 ## - SUBJECT ADDED ENTRY--TOPICAL TERM | |
| Topical term or geographic name entry element | OBAMA'S SECRET WARS.SURPRISING USE OF AMERICAN POWER.OBAMAS AGGRESSIVE USE OF INNOVATIVE WEAPONS.TOOLS OF AMERICAN POWER. |
| 9 (RLIN) | 69084 |
| 942 ## - ADDED ENTRY ELEMENTS (KOHA) | |
| Koha item type | Book |
| Source of classification or shelving scheme | |
| Withdrawn status | Lost status | Damaged status | Not for loan | Permanent Location | Current Location | Shelving location | Date acquired | Total Checkouts | Full call number | Barcode | Date last seen | Price effective from | Koha item type |
|---|---|---|---|---|---|---|---|---|---|---|---|---|---|
| College of Electrical & Mechanical Engineering (CEME) | College of Electrical & Mechanical Engineering (CEME) | General Stacks | 08/03/2017 | 973.932092 SAN | CEME-46855 | 06/28/2021 | 06/28/2021 | Book |
